| 000 | 01343cab a2200253 4500 | ||
|---|---|---|---|
| 001 | ABS47696 | ||
| 008 | 090401t1992 xxu||||| |||| 00| 0 eng d | ||
| 035 | _a(Sirsi) u63106 | ||
| 041 | _aeng | ||
| 245 | _aNolan v Eagle Wharf Developments Ltd | ||
| 260 | _c1992 | ||
| 350 | _a0 | ||
| 490 |
_aEstates Gazette _v1992 46 EG 113-116(4) |
||
| 520 | _aLRAP 27 May 1992. Application by nominee of qualifying tenants of Warburton Court, Ruislip Manor for a determination of the interest to be acquired under Part I of the Landlord and Tenant Act 1987. The tenants purchased the freehold reversion for £9000 in May 1990 and were granted a 999-year lease of loftspace and car parking for the same building in November 1990. Held that the respondent must convey to the applicant the freehold reversion in consideration of £9,000 free of the loftspace and car parking space and purported headlease. Respondent was not entitled to recover the cost of bank interest or professional fees in respect of the original proposal. | ||
| 650 | _aCOSTS | ||
| 650 | _aDISPOSAL OF INTEREST | ||
| 650 | _aFREEHOLD REVERSION | ||
| 650 | _aLANDLORD AND TENANT ACT 1987 | ||
| 650 | _aQUALIFYING TENANTS | ||
| 650 | _aTENANTS RIGHTS OF FIRST REFUSAL | ||
| 690 | _aLANDLORD AND TENANT-CASE LAW-RESIDENTIAL TENANCIES | ||
| 942 | _n0 | ||
| 948 | _c04/03/1997 | ||
| 999 |
_c39230 _d39230 |
||